South Central Africa; (Record no. 124016)
[ view plain ]
| 000 -LEADER | |
|---|---|
| fixed length control field | 01041cam a22002891 4500 |
| 001 - CONTROL NUMBER | |
| control field | 6415591 |
| 003 - CONTROL NUMBER IDENTIFIER | |
| control field | ARRUPE |
| 005 - DATE AND TIME OF LATEST TRANSACTION | |
| control field | 20160122122119.0 |
| 008 - FIXED-LENGTH DATA ELEMENTS--GENERAL INFORMATION | |
| fixed length control field | 830107s1932 sa abcf b 000 0 eng |
| 010 ## - LIBRARY OF CONGRESS CONTROL NUMBER | |
| LC control number | 33013735 |
| 035 ## - SYSTEM CONTROL NUMBER | |
| System control number | (OCoLC)9109535 |
| 040 ## - CATALOGING SOURCE | |
| Original cataloging agency | DLC |
| Transcribing agency | MBU |
| Modifying agency | OCoLC |
| -- | DLC |
| 042 ## - AUTHENTICATION CODE | |
| Authentication code | premarc |
| 050 00 - LIBRARY OF CONGRESS CALL NUMBER | |
| Classification number | SPC DT732 |
| Item number | .L4 |
| 082 ## - DEWEY DECIMAL CLASSIFICATION NUMBER | |
| Classification number | 916.8 |
| 300 ## - PHYSICAL DESCRIPTION | |
| Other physical details | 1 illus., plates, ports., maps (part fold.) |
| Dimensions | 25 cm. |
| 100 1# - MAIN ENTRY--PERSONAL NAME | |
| Personal name | Letcher, Owen. |
| 9 (RLIN) | 21740 |
| 245 10 - TITLE STATEMENT | |
| Title | South Central Africa; |
| Remainder of title | an outline of the history, geography, commerce and transportation systems of the Congo-Zambesi watershed, with special reference to the mineral industry. |
| Statement of responsibility, etc | By Owen Letcher ... |
| 260 ## - PUBLICATION, DISTRIBUTION, ETC. (IMPRINT) | |
| Place of publication, distribution, etc | Johannesburg, |
| Name of publisher, distributor, etc | African publications, |
| Date of publication, distribution, etc | 1932. |
| 300 ## - PHYSICAL DESCRIPTION | |
| Extent | 263 p.; |
| 500 ## - GENERAL NOTE | |
| General note | "Edition ordinaire." |
| 504 ## - BIBLIOGRAPHY, ETC. NOTE | |
| Bibliography, etc | Bibliography: p. 251-255. |
| 650 #0 - SUBJECT ADDED ENTRY--TOPICAL TERM | |
| Topical term or geographic name as entry element | Copper mines and mining |
| Geographic subdivision | Africa. |
| 9 (RLIN) | 21741 |
| 651 #0 - SUBJECT ADDED ENTRY--GEOGRAPHIC NAME | |
| Geographic name | Africa, Central. |
| 9 (RLIN) | 21742 |
| 651 #0 - SUBJECT ADDED ENTRY--GEOGRAPHIC NAME | |
| Geographic name | South Africa. |
| 9 (RLIN) | 21743 |
| 906 ## - LOCAL DATA ELEMENT F, LDF (RLIN) | |
| a | 7 |
| b | cbc |
| c | oclcrpl |
| d | u |
| e | ncip |
| f | 19 |
| g | y-gencatlg |
| 942 ## - ADDED ENTRY ELEMENTS (KOHA) | |
| Source of classification or shelving scheme | Library of Congress Classification |
| Koha item type | Monograph ( Printed materials) |
| Withdrawn status | Lost status | Source of classification or shelving scheme | Damaged status | Not for loan | Collection code | Home library | Current library | Shelving location | Date acquired | Total Checkouts | Full call number | Barcode | Date last seen | Price effective from | Koha item type |
|---|---|---|---|---|---|---|---|---|---|---|---|---|---|---|---|
| Library of Congress Classification | Main Collection | ARRUPE LIBRARY | ARRUPE LIBRARY | Main Collection | 22/01/2016 | SPC DT732.L4 | 46500006018 | 22/01/2016 | 22/01/2016 | Monograph ( Printed materials) |